[Event "World Youth & Cadets Rapid Championships"]
[Site "Rhodes, Greece"]
[Date "2022.05.01"]
[Round "5.5"]
[White "Ince, Taylan Ruzgar"]
[Black "Trushko, Andrii"]
[Result "1/2-1/2"]
[TimeControl "10'/game & 5\"/move"]
[WhiteElo "2018"]
[BlackElo "2065"]

1. d4 {[%clk 00:10:07]} {[%emt 00:00:02]} d5 {[%clk 00:10:09]} {[%emt
00:00:01]} 2. Nf3 {[%clk 00:10:08]} {[%emt 00:00:04]} Nf6 {[%clk 00:10:13]}
{[%emt 00:00:02]} 3. c4 {[%clk 00:10:12]} {[%emt 00:00:01]} c6 {[%clk
00:10:17]} 4. e3 {[%clk 00:10:11]} {[%emt 00:00:06]} Bg4 {[%clk 00:10:19]}
{[%emt 00:00:04]} 5. Nc3 {[%clk 00:09:51]} {[%emt 00:00:24]} e6 {[%clk
00:10:12]} {[%emt 00:00:13]} 6. h3 {[%clk 00:09:44]} {[%emt 00:00:12]} Bxf3
{[%clk 00:10:13]} {[%emt 00:00:04]} 7. Qxf3 {[%clk 00:09:47]} {[%emt 00:00:01]}
Nbd7 {[%clk 00:10:17]} {[%emt 00:00:02]} 8. Bd2 {[%clk 00:09:38]} {[%emt
00:00:13]} Bd6 {[%clk 00:10:20]} {[%emt 00:00:03]} 9. Bd3 {[%clk 00:09:37]}
{[%emt 00:00:05]} Qe7 {[%clk 00:10:22]} {[%emt 00:00:04]} 10. O-O {[%clk
00:09:31]} {[%emt 00:00:11]} dxc4 {[%clk 00:10:24]} {[%emt 00:00:03]} 11. Bxc4
{[%clk 00:09:30]} {[%emt 00:00:05]} e5 {[%clk 00:10:28]} {[%emt 00:00:01]} 12.
Ne4 {[%clk 00:08:13]} {[%emt 00:01:23]} Nxe4 {[%clk 00:10:02]} {[%emt
00:00:31]} 13. Qxe4 {[%clk 00:08:16]} {[%emt 00:00:02]} exd4 {[%clk 00:10:05]}
{[%emt 00:00:02]} 14. Qxe7+ {[%clk 00:08:18]} {[%emt 00:00:03]} Bxe7 {[%clk
00:10:09]} {[%emt 00:00:01]} 15. exd4 {[%clk 00:08:18]} {[%emt 00:00:05]} Nb6
{[%clk 00:10:12]} {[%emt 00:00:02]} 16. Bb3 {[%clk 00:08:16]} {[%emt 00:00:06]}
O-O {[%clk 00:10:05]} {[%emt 00:00:13]} 17. Rfe1 {[%clk 00:07:51]} {[%emt
00:00:30]} Bf6 {[%clk 00:10:09]} 18. Bc3 {[%clk 00:07:46]} {[%emt 00:00:10]}
Rad8 {[%clk 00:10:11]} {[%emt 00:00:04]} 19. Rad1 {[%clk 00:07:39]} {[%emt
00:00:10]} Rd7 {[%clk 00:10:14]} {[%emt 00:00:03]} 20. Rd2 {[%clk 00:07:03]}
{[%emt 00:00:41]} Rfd8 {[%clk 00:10:16]} {[%emt 00:00:04]} 21. Red1 {[%clk
00:07:05]} {[%emt 00:00:01]} Nd5 {[%clk 00:10:19]} {[%emt 00:00:02]} 22. g3
{[%clk 00:07:02]} {[%emt 00:00:08]} g6 {[%clk 00:10:20]} {[%emt 00:00:04]} 23.
Kg2 {[%clk 00:06:52]} {[%emt 00:00:15]} b5 {[%clk 00:10:18]} {[%emt 00:00:07]}
24. a3 {[%clk 00:06:52]} {[%emt 00:00:05]} Bg5 {[%clk 00:08:00]} {[%emt
00:02:24]} 25. Rc2 {[%clk 00:06:49]} {[%emt 00:00:08]} c5 {[%clk 00:06:12]}
{[%emt 00:01:53]} 26. Ba5 {[%clk 00:06:08]} {[%emt 00:00:46]} c4 {[%clk
00:06:16]} 27. Bxd8 {[%clk 00:05:22]} {[%emt 00:00:51]} cxb3 {[%clk 00:06:20]}
{[%emt 00:00:01]} 28. Bxg5 {[%clk 00:05:25]} {[%emt 00:00:02]} bxc2 {[%clk
00:06:24]} 29. Rc1 {[%clk 00:05:29]} {[%emt 00:00:01]} Rc7 {[%clk 00:06:28]}
{[%emt 00:00:01]} 30. Kf3 {[%clk 00:05:25]} {[%emt 00:00:09]} f5 {[%clk
00:05:20]} {[%emt 00:01:12]} 31. Ke2 {[%clk 00:05:17]} {[%emt 00:00:14]} b4
{[%emt 00:00:56]} 32. axb4 {[%clk 00:04:26]} Nxb4 {[%clk 00:05:28]} {[%emt
00:00:02]} 33. Kd2 {[%clk 00:04:29]} Kf7 {[%clk 00:05:32]} {[%emt 00:00:03]} 34.
Bf4 {[%clk 00:04:08]} {[%emt 00:00:26]} Rc4 {[%clk 00:05:08]} {[%emt 00:00:30]}
35. b3 {[%clk 00:03:48]} {[%emt 00:00:24]} Rc6 {[%emt 00:00:42]} 36. Bb8 {[%clk
00:03:38]} Ra6 {[%clk 00:04:19]} {[%emt 00:00:32]} 37. d5 {[%clk 00:03:13]}
{[%emt 00:00:29]} Ke7 {[%clk 00:04:20]} {[%emt 00:00:05]} 38. Be5 {[%clk
00:03:01]} {[%emt 00:00:16]} Ra3 {[%clk 00:02:35]} {[%emt 00:01:51]} 39. Ra1
{[%clk 00:02:10]} {[%emt 00:00:56]} Rxa1 {[%clk 00:02:09]} {[%emt 00:00:31]} 40.
Bxa1 {[%clk 00:02:14]} {[%emt 00:00:01]} Kd6 {[%clk 00:02:13]} 41. Bc3 {[%clk
00:02:08]} {[%emt 00:00:11]} Nd3 {[%clk 00:02:05]} {[%emt 00:00:13]} 42. Kxc2
{[%clk 00:01:57]} {[%emt 00:00:16]} Nxf2 {[%clk 00:02:09]} {[%emt 00:00:01]} 43.
Bd4 {[%clk 00:02:01]} {[%emt 00:00:01]} Nxh3 {[%clk 00:02:10]} {[%emt
00:00:04]} 44. Bxa7 {[%clk 00:02:04]} {[%emt 00:00:03]} Kxd5 {[%clk 00:02:13]}
{[%emt 00:00:01]} 45. Be3 {[%clk 00:01:59]} {[%emt 00:00:10]} Ke4 {[%clk
00:02:07]} {[%emt 00:00:11]} 46. Kd2 {[%clk 00:02:02]} {[%emt 00:00:02]} f4
{[%clk 00:02:04]} {[%emt 00:00:08]} 47. gxf4 {[%clk 00:01:51]} {[%emt
00:00:15]} Nxf4 {[%clk 00:02:08]} {[%emt 00:00:02]} 48. b4 {[%clk 00:01:54]}
{[%emt 00:00:01]} Nd5 {[%clk 00:02:07]} {[%emt 00:00:07]} 49. Bc5 {[%clk
00:01:57]} {[%emt 00:00:01]} Nc7 {[%clk 00:02:11]} {[%emt 00:00:02]} 50. Ke2
{[%clk 00:01:48]} {[%emt 00:00:13]} Ne6 {[%clk 00:01:55]} {[%emt 00:00:22]} 51.
Be7 {[%clk 00:01:43]} {[%emt 00:00:07]} Kd5 {[%clk 00:01:12]} {[%emt 00:00:51]}
52. Kf3 {[%clk 00:01:45]} {[%emt 00:00:03]} Nd4+ {[%clk 00:01:09]} {[%emt
00:00:08]} 53. Kg4 {[%clk 00:01:46]} {[%emt 00:00:03]} Nc6 {[%clk 00:01:13]}
{[%emt 00:00:03]} 54. Bf8 {[%clk 00:01:39]} {[%emt 00:00:12]} Nd8 {[%clk
00:01:03]} {[%emt 00:00:14]} 55. Be7 {[%clk 00:01:20]} {[%emt 00:00:23]} Ne6
{[%clk 00:01:06]} {[%emt 00:00:03]} 56. b5 {[%clk 00:01:11]} {[%emt 00:00:13]}
Nd4 {[%clk 00:01:04]} {[%emt 00:00:07]} 57. Kg5 {[%clk 00:01:09]} {[%emt
00:00:07]} Ke6 {[%clk 00:00:47]} {[%emt 00:00:23]} 58. Bd8 {[%clk 00:00:51]}
{[%emt 00:00:23]} Kd7 {[%clk 00:00:15]} {[%emt 00:00:37]} 59. Bf6 {[%clk
00:00:47]} {[%emt 00:00:08]} Nxb5 {[%clk 00:00:17]} {[%emt 00:00:03]} 60. Kh6
{[%clk 00:00:50]} {[%emt 00:00:02]} Ke6 {[%clk 00:00:20]} {[%emt 00:00:03]} 61.
Bd8 {[%clk 00:00:52]} {[%emt 00:00:02]} Nd6 {[%clk 00:00:23]} {[%emt 00:00:03]}
62. Kxh7 {[%clk 00:00:53]} {[%emt 00:00:04]} Kf5 {[%clk 00:00:27]} {[%emt
00:00:01]} 63. Kg7 {[%clk 00:00:49]} {[%emt 00:00:08]} Ne4 {[%clk 00:00:31]}
{[%emt 00:00:02]} 64. Kf7 {[%clk 00:00:48]} {[%emt 00:00:05]} Ng5+ {[%clk
00:00:32]} {[%emt 00:00:05]} 65. Kg8 {[%clk 00:00:46]} {[%emt 00:00:06]} Ne6
{[%clk 00:00:33]} {[%emt 00:00:05]} 66. Be7 {[%clk 00:00:50]} Nf4 {[%clk
00:00:32]} {[%emt 00:00:06]} 67. Kf7 {[%clk 00:00:51]} {[%emt 00:00:03]} Nd5
{[%clk 00:00:33]} {[%emt 00:00:05]} 68. Bd8 {[%clk 00:00:55]} Ne3 {[%clk
00:00:36]} {[%emt 00:00:01]} 69. Be7 {[%clk 00:00:53]} {[%emt 00:00:06]} Nc4
{[%clk 00:00:40]} {[%emt 00:00:03]} 70. Bd8 {[%clk 00:00:54]} {[%emt 00:00:03]}
Nd6+ {[%clk 00:00:41]} {[%emt 00:00:04]} 71. Kg7 {[%clk 00:00:54]} {[%emt
00:00:04]} Ne4 {[%clk 00:00:44]} {[%emt 00:00:03]} 72. Kf7 {[%clk 00:00:57]}
{[%emt 00:00:03]} Nc5 {[%clk 00:00:48]} {[%emt 00:00:02]} 73. Be7 {[%clk
00:00:59]} {[%emt 00:00:02]} Ne6 {[%clk 00:00:50]} {[%emt 00:00:03]} 74. Kg8
{[%clk 00:01:03]} {[%emt 00:00:01]} Ng5 {[%clk 00:00:21]} {[%emt 00:00:34]} 75.
Kg7 {[%clk 00:01:03]} {[%emt 00:00:04]} Ne4 {[%clk 00:00:25]} {[%emt 00:00:02]}
76. Kf7 {[%clk 00:01:06]} {[%emt 00:00:02]} Nf2 {[%clk 00:00:27]} {[%emt
00:00:03]} 77. Kg7 {[%clk 00:01:09]} {[%emt 00:00:02]} Nd3 {[%clk 00:00:31]}
{[%emt 00:00:01]} 78. Kf7 {[%clk 00:01:08]} {[%emt 00:00:06]} Ne5+ {[%clk
00:00:35]} {[%emt 00:00:01]} 79. Kg7 {[%clk 00:01:12]} Nc6 {[%clk 00:00:39]}
{[%emt 00:00:01]} 80. Bf6 {[%clk 00:01:14]} {[%emt 00:00:02]} Nb8 {[%clk
00:00:38]} {[%emt 00:00:07]} 81. Be7 {[%clk 00:01:16]} {[%emt 00:00:02]} Nd7
{[%clk 00:00:42]} {[%emt 00:00:02]} 82. Kf7 {[%clk 00:01:16]} {[%emt 00:00:04]}
Ne5+ {[%clk 00:00:42]} {[%emt 00:00:06]} 83. Kg7 {[%clk 00:00:00]} {[%emt
00:02:49]} Nc6 {[%clk 00:02:42]} {[%emt 00:01:39]} 84. Bf6 {[%clk 00:01:20]}
{[%emt 00:00:02]} Na7 {[%clk 00:02:47]} {[%emt 00:00:01]} 85. Bd8 {[%clk
00:01:17]} {[%emt 00:00:08]} Nc8 {[%clk 00:02:51]} 86. Kf7 {[%clk 00:01:18]}
{[%emt 00:00:03]} Nd6+ {[%clk 00:02:51]} {[%emt 00:00:06]} 87. Kg7 {[%clk
00:01:21]} {[%emt 00:00:01]} Nb7 {[%clk 00:02:21]} {[%emt 00:00:36]} 88. Be7
{[%clk 00:01:24]} {[%emt 00:00:01]} Na5 {[%clk 00:02:25]} {[%emt 00:00:02]} 89.
Kf7 {[%clk 00:01:25]} {[%emt 00:00:03]} Nc6 {[%clk 00:02:27]} {[%emt 00:00:04]}
90. Bf6 {[%clk 00:01:28]} {[%emt 00:00:02]} Na7 {[%clk 00:02:20]} {[%emt
00:00:12]} 91. Kg7 {[%clk 00:01:25]} {[%emt 00:00:07]} Nc8 {[%clk 00:02:24]}
{[%emt 00:00:01]} 92. Bd8 {[%clk 00:01:27]} {[%emt 00:00:03]} Nd6 {[%clk
00:02:24]} {[%emt 00:00:05]} 93. Be7 {[%clk 00:01:29]} {[%emt 00:00:02]} Ne4
{[%clk 00:02:26]} {[%emt 00:00:05]} 94. Kf7 {[%clk 00:01:31]} {[%emt 00:00:02]}
Ng3 {[%clk 00:02:30]} {[%emt 00:00:02]} 95. Kg7 {[%clk 00:01:33]} {[%emt
00:00:02]} Nh5+ {[%clk 00:02:34]} {[%emt 00:00:02]} 96. Kf7 {[%clk 00:01:37]}
{[%emt 00:00:01]} Nf4 {[%clk 00:02:37]} {[%emt 00:00:01]} 97. Bd8 {[%clk
00:01:37]} {[%emt 00:00:05]} Kg4 {[%clk 00:02:35]} {[%emt 00:00:08]} 98. Be7
{[%clk 00:01:25]} {[%emt 00:00:17]} Kh5 {[%clk 00:02:37]} {[%emt 00:00:03]} 99.
Bd8 {[%clk 00:01:18]} {[%emt 00:00:11]} Nd5 {[%clk 00:02:40]} {[%emt 00:00:02]}
100. Kg7 {[%clk 00:01:20]} {[%emt 00:00:03]} Ne3 {[%clk 00:02:40]} {[%emt
00:00:05]} 101. Kf7 {[%clk 00:01:23]} {[%emt 00:00:02]} Nf5 {[%clk 00:02:41]}
{[%emt 00:00:05]} 102. Kg8 {[%clk 00:00:57]} {[%emt 00:00:29]} Kh6 {[%clk
00:02:40]} {[%emt 00:00:07]} 103. Kf7 {[%clk 00:00:58]} {[%emt 00:00:04]} Nd6+
{[%clk 00:02:36]} {[%emt 00:00:10]} 104. Kg8 {[%clk 00:00:59]} {[%emt
00:00:03]} Ne4 {[%clk 00:02:18]} {[%emt 00:00:24]} 105. Kf7 {[%clk 00:01:00]}
{[%emt 00:00:03]} Ng5+ {[%clk 00:02:22]} {[%emt 00:00:02]} 106. Kg8 {[%clk
00:01:00]} {[%emt 00:00:03]} Kh5 {[%clk 00:02:25]} {[%emt 00:00:04]} 107. Be7
{[%clk 00:00:59]} {[%emt 00:00:05]} Nf3 {[%clk 00:02:19]} {[%emt 00:00:11]} 108.
Kg7 {[%clk 00:00:59]} {[%emt 00:00:05]} Ne5 {[%clk 00:02:22]} {[%emt 00:00:03]}
109. Bd8 {[%clk 00:00:59]} {[%emt 00:00:04]} Nc6 {[%clk 00:02:23]} {[%emt
00:00:05]} 110. Bf6 {[%clk 00:01:03]} Nb4 {[%clk 00:02:24]} {[%emt 00:00:04]}
111. Bd8 {[%clk 00:01:05]} {[%emt 00:00:03]} Nd5 {[%clk 00:02:27]} {[%emt
00:00:02]} 112. Kf7 {[%clk 00:01:08]} {[%emt 00:00:01]} Nf4 {[%clk 00:02:31]}
113. Be7 {[%clk 00:01:10]} {[%emt 00:00:03]} Nh3 {[%clk 00:02:15]} {[%emt
00:00:21]} 114. Kg7 {[%clk 00:01:12]} {[%emt 00:00:03]} Ng5 {[%clk 00:02:18]}
{[%emt 00:00:03]} 115. Bf6 {[%clk 00:01:10]} {[%emt 00:00:07]} Ne6+ {[%clk
00:02:17]} {[%emt 00:00:06]} 116. Kf7 {[%clk 00:01:13]} {[%emt 00:00:02]} Nf4
{[%clk 00:02:17]} {[%emt 00:00:04]} 117. Bd8 {[%clk 00:01:15]} {[%emt
00:00:03]} Kg4 {[%clk 00:02:20]} {[%emt 00:00:02]} 118. Be7 {[%clk 00:01:17]}
{[%emt 00:00:03]} Kf5 {[%clk 00:02:16]} {[%emt 00:00:09]} 119. Bd8 {[%clk
00:01:20]} {[%emt 00:00:01]} Ne6 {[%clk 00:02:15]} {[%emt 00:00:07]} 120. Be7
{[%clk 00:01:23]} {[%emt 00:00:02]} g5 {[%clk 00:02:16]} {[%emt 00:00:04]} 121.
Bxg5 {[%clk 00:01:26]} {[%emt 00:00:02]} Nxg5+ {[%clk 00:02:13]} {[%emt
00:00:03]} 1/2-1/2

[Event "World Youth & Cadets Rapid Championships"]
[Site "Rhodes, Greece"]
[Date "2022.05.01"]
[Round "5.6"]
[White "Pidluznij, Gleb"]
[Black "Klugstedt, Vincent"]
[Result "1-0"]
[TimeControl "10'/game & 5\"/move"]
[WhiteElo "2051"]
[BlackElo "1811"]

1. d4 {[%clk 00:10:08]} {[%emt 00:00:01]} Nf6 {[%clk 00:10:08]} {[%emt
00:00:02]} 2. Bg5 {[%clk 00:10:12]} {[%emt 00:00:02]} d5 {[%clk 00:09:53]}
{[%emt 00:00:20]} 3. Bxf6 {[%clk 00:10:14]} {[%emt 00:00:02]} exf6 {[%clk
00:09:43]} {[%emt 00:00:16]} 4. e3 {[%clk 00:10:17]} {[%emt 00:00:02]} c5
{[%clk 00:09:15]} {[%emt 00:00:33]} 5. c3 {[%clk 00:09:44]} {[%emt 00:00:37]}
Nc6 {[%clk 00:09:14]} {[%emt 00:00:06]} 6. Ne2 {[%clk 00:09:46]} {[%emt
00:00:03]} Bd6 {[%clk 00:08:42]} {[%emt 00:00:37]} 7. g3 {[%clk 00:09:47]}
{[%emt 00:00:05]} O-O {[%clk 00:08:37]} {[%emt 00:00:11]} 8. Bg2 {[%clk
00:09:50]} Be6 {[%clk 00:08:37]} {[%emt 00:00:06]} 9. O-O {[%clk 00:09:39]}
{[%emt 00:00:15]} c4 {[%clk 00:08:31]} {[%emt 00:00:10]} 10. Nd2 {[%clk
00:09:03]} {[%emt 00:00:41]} f5 {[%clk 00:08:18]} {[%emt 00:00:19]} 11. b3
{[%clk 00:08:50]} {[%emt 00:00:18]} cxb3 {[%clk 00:07:45]} {[%emt 00:00:38]} 12.
axb3 {[%clk 00:08:38]} {[%emt 00:00:16]} b5 {[%clk 00:07:15]} {[%emt 00:00:36]}
13. c4 {[%clk 00:08:27]} {[%emt 00:00:16]} Ne7 {[%clk 00:06:34]} {[%emt
00:00:46]} 14. c5 {[%clk 00:06:38]} {[%emt 00:01:54]} Bc7 {[%clk 00:06:36]}
{[%emt 00:00:02]} 15. b4 {[%clk 00:06:40]} {[%emt 00:00:04]} Nc6 {[%clk
00:06:27]} {[%emt 00:00:14]} 16. Qb3 {[%clk 00:06:36]} {[%emt 00:00:09]} a6
{[%clk 00:06:03]} {[%emt 00:00:30]} 17. Nc3 {[%clk 00:06:08]} {[%emt 00:00:31]}
Ne7 {[%clk 00:05:59]} {[%emt 00:00:09]} 18. Ra2 {[%clk 00:05:50]} {[%emt
00:00:23]} g5 {[%clk 00:05:18]} {[%emt 00:00:46]} 19. Rfa1 {[%clk 00:05:30]}
{[%emt 00:00:26]} f4 {[%clk 00:04:16]} {[%emt 00:01:07]} 20. Rxa6 {[%clk
00:04:16]} {[%emt 00:01:19]} Rxa6 {[%clk 00:04:07]} {[%emt 00:00:15]} 21. Rxa6
{[%clk 00:04:18]} {[%emt 00:00:01]} Qd7 {[%clk 00:03:56]} {[%emt 00:00:17]} 22.
exf4 {[%clk 00:03:33]} {[%emt 00:00:50]} gxf4 {[%clk 00:03:58]} {[%emt
00:00:03]} 23. Ra7 {[%clk 00:03:08]} {[%emt 00:00:30]} Nc6 {[%clk 00:03:45]}
{[%emt 00:00:18]} 24. Nxd5 {[%clk 00:01:04]} {[%emt 00:02:09]} Bxd5 {[%clk
00:03:22]} {[%emt 00:00:28]} 25. Rxc7 {[%clk 00:01:05]} {[%emt 00:00:03]} Qxc7
{[%clk 00:03:02]} {[%emt 00:00:26]} 26. Qxd5 {[%clk 00:01:08]} {[%emt
00:00:02]} Ne7 {[%clk 00:02:39]} {[%emt 00:00:28]} 27. Qg5+ {[%clk 00:01:00]}
{[%emt 00:00:12]} Ng6 {[%clk 00:02:43]} {[%emt 00:00:02]} 28. Ne4 {[%clk
00:00:42]} {[%emt 00:00:23]} f5 {[%clk 00:02:29]} {[%emt 00:00:20]} 29. Nd6
{[%clk 00:00:33]} {[%emt 00:00:13]} fxg3 {[%clk 00:02:18]} {[%emt 00:00:16]} 30.
hxg3 {[%clk 00:00:37]} {[%emt 00:00:01]} Qe7 {[%clk 00:02:08]} {[%emt
00:00:15]} 31. Qxe7 {[%clk 00:00:18]} {[%emt 00:00:24]} Nxe7 {[%clk 00:02:12]}
{[%emt 00:00:01]} 32. c6 {[%clk 00:00:15]} {[%emt 00:00:08]} Rf6 {[%clk
00:02:11]} {[%emt 00:00:06]} 33. Ne8 {[%clk 00:00:08]} {[%emt 00:00:13]} Rf8
{[%clk 00:02:15]} {[%emt 00:00:01]} 34. Nd6 {[%clk 00:00:08]} {[%emt 00:00:04]}
Rf6 {[%clk 00:02:18]} {[%emt 00:00:02]} 35. Ne8 {[%clk 00:00:11]} {[%emt
00:00:02]} Rf8 {[%clk 00:02:23]} 36. Nc7 {[%clk 00:00:08]} {[%emt 00:00:09]}
Rc8 {[%clk 00:02:19]} {[%emt 00:00:09]} 37. Nxb5 {[%clk 00:00:10]} {[%emt
00:00:02]} Nxc6 {[%emt 00:00:01]} 38. Nd6 {[%clk 00:00:14]} Rc7 {[%clk
00:02:13]} {[%emt 00:00:15]} 39. Nb5 {[%clk 00:00:15]} {[%emt 00:00:04]} Rc8
{[%clk 00:02:15]} {[%emt 00:00:04]} 40. Nd6 {[%clk 00:00:19]} Rc7 {[%clk
00:02:19]} 41. Nxf5 {[%clk 00:00:10]} {[%emt 00:00:13]} Nxb4 {[%clk 00:02:23]}
{[%emt 00:00:02]} 42. Ne3 {[%clk 00:00:11]} {[%emt 00:00:04]} Kf7 {[%clk
00:02:13]} {[%emt 00:00:15]} 43. d5 {[%clk 00:00:11]} {[%emt 00:00:05]} Rd7
{[%clk 00:01:48]} {[%emt 00:00:29]} 44. Be4 {[%clk 00:00:13]} {[%emt 00:00:02]}
Na2 {[%clk 00:01:39]} {[%emt 00:00:14]} 45. Bxh7 {[%clk 00:00:10]} {[%emt
00:00:08]} Nc3 {[%clk 00:01:43]} {[%emt 00:00:02]} 46. Bf5 {[%clk 00:00:11]}
{[%emt 00:00:03]} Rd6 {[%clk 00:01:43]} {[%emt 00:00:06]} 47. Be6+ {[%clk
00:00:12]} {[%emt 00:00:01]} Kf6 {[%clk 00:01:45]} {[%emt 00:00:05]} 48. Kg2
{[%clk 00:00:16]} {[%emt 00:00:02]} Ne2 {[%clk 00:01:44]} {[%emt 00:00:07]} 49.
f4 {[%clk 00:00:11]} {[%emt 00:00:09]} Rd8 {[%clk 00:01:38]} {[%emt 00:00:11]}
50. Ng4+ {[%clk 00:00:10]} {[%emt 00:00:06]} Ke7 {[%clk 00:01:40]} {[%emt
00:00:03]} 51. Ne5 {[%clk 00:00:12]} {[%emt 00:00:03]} Ra8 {[%clk 00:01:37]}
{[%emt 00:00:09]} 52. f5 {[%clk 00:00:10]} {[%emt 00:00:07]} Nd4 {[%clk
00:01:37]} {[%emt 00:00:03]} 53. g4 {[%clk 00:00:07]} {[%emt 00:00:09]} Nxe6
{[%clk 00:01:29]} {[%emt 00:00:13]} 54. dxe6 {[%emt 00:00:03]} Kf6 {[%clk
00:01:26]} {[%emt 00:00:06]} 55. Nf3 {[%clk 00:00:15]} {[%emt 00:00:01]} Rg8
{[%clk 00:01:17]} {[%emt 00:00:15]} 56. Kg3 {[%clk 00:00:19]} {[%emt 00:00:01]}
Rb8 {[%clk 00:01:18]} {[%emt 00:00:04]} 57. Nd2 {[%clk 00:00:13]} {[%emt
00:00:09]} Ke5 {[%clk 00:01:12]} {[%emt 00:00:12]} 58. Nf3+ {[%clk 00:00:18]}
{[%emt 00:00:01]} Kf6 {[%clk 00:01:16]} {[%emt 00:00:01]} 59. Kf4 {[%clk
00:00:20]} {[%emt 00:00:02]} Rb4+ {[%clk 00:01:20]} 60. Kg3 {[%clk 00:00:24]}
{[%emt 00:00:01]} Rb8 {[%clk 00:01:21]} {[%emt 00:00:05]} 61. Nd2 {[%clk
00:00:21]} {[%emt 00:00:07]} Ke5 {[%clk 00:01:21]} {[%emt 00:00:05]} 62. Nc4+
{[%clk 00:00:22]} {[%emt 00:00:04]} Kd5 {[%clk 00:01:12]} {[%emt 00:00:14]} 63.
Ne3+ {[%clk 00:00:17]} {[%emt 00:00:11]} Ke5 {[%clk 00:01:16]} {[%emt
00:00:01]} 64. Kf3 {[%clk 00:00:14]} {[%emt 00:00:07]} Rb4 {[%clk 00:01:14]}
{[%emt 00:00:07]} 65. e7 {[%clk 00:00:10]} {[%emt 00:00:09]} Rb8 {[%clk
00:01:18]} {[%emt 00:00:02]} 66. g5 {[%clk 00:00:12]} {[%emt 00:00:02]} Re8
{[%clk 00:01:14]} {[%emt 00:00:09]} 67. f6 {[%clk 00:00:15]} {[%emt 00:00:02]}
Ke6 {[%clk 00:01:18]} {[%emt 00:00:01]} 68. Ke4 {[%clk 00:00:14]} {[%emt
00:00:05]} Rb8 {[%clk 00:01:21]} {[%emt 00:00:04]} 69. Nf5 {[%clk 00:00:16]}
{[%emt 00:00:02]} Rb4+ {[%clk 00:01:24]} {[%emt 00:00:02]} 70. Nd4+ {[%clk
00:00:19]} Kf7 {[%clk 00:01:26]} {[%emt 00:00:04]} 71. g6+ {[%clk 00:00:17]}
{[%emt 00:00:07]} Ke8 {[%clk 00:01:25]} {[%emt 00:00:06]} 72. g7 {[%clk
00:00:17]} {[%emt 00:00:05]} Kf7 {[%clk 00:01:25]} {[%emt 00:00:05]} 73. g8=Q+
{[%clk 00:00:17]} {[%emt 00:00:06]} Kxg8 {[%clk 00:01:28]} {[%emt 00:00:01]} 74.
e8=Q+ {[%clk 00:00:18]} {[%emt 00:00:04]} 1-0

[Event "World Youth & Cadets Rapid Championships"]
[Site "Rhodes, Greece"]
[Date "2022.05.01"]
[Round "5.7"]
[White "Ribeiro, Gustavo"]
[Black "Petrovskyi, Vadym"]
[Result "0-1"]
[TimeControl "10'/game & 5\"/move"]
[WhiteElo "1758"]
[BlackElo "2347"]

1. c4 {[%clk 00:10:08]} {[%emt 00:00:02]} Nf6 {[%clk 00:10:09]} {[%emt
00:00:02]} 2. Nc3 {[%clk 00:10:11]} {[%emt 00:00:02]} g6 {[%clk 00:10:13]}
{[%emt 00:00:01]} 3. e4 {[%clk 00:10:15]} d6 {[%clk 00:10:16]} {[%emt
00:00:01]} 4. Nge2 {[%clk 00:10:15]} {[%emt 00:00:05]} Bg7 {[%clk 00:10:18]}
{[%emt 00:00:03]} 5. g3 {[%clk 00:10:18]} {[%emt 00:00:03]} O-O {[%clk
00:10:20]} {[%emt 00:00:02]} 6. Bg2 {[%clk 00:10:21]} c5 {[%clk 00:10:22]}
{[%emt 00:00:04]} 7. O-O {[%clk 00:10:16]} {[%emt 00:00:10]} Nc6 {[%clk
00:10:26]} {[%emt 00:00:02]} 8. d3 {[%clk 00:10:18]} {[%emt 00:00:02]} Ne8
{[%clk 00:10:27]} {[%emt 00:00:04]} 9. f4 {[%clk 00:10:19]} {[%emt 00:00:04]}
Nc7 {[%clk 00:10:30]} {[%emt 00:00:01]} 10. f5 {[%clk 00:10:13]} {[%emt
00:00:12]} Rb8 {[%clk 00:10:24]} {[%emt 00:00:11]} 11. a4 {[%clk 00:09:55]}
{[%emt 00:00:24]} Ne5 {[%clk 00:09:11]} {[%emt 00:01:17]} 12. h3 {[%clk
00:09:26]} {[%emt 00:00:34]} Na6 {[%clk 00:08:05]} {[%emt 00:01:11]} 13. Nd5
{[%clk 00:08:07]} {[%emt 00:01:25]} Nc7 {[%clk 00:06:47]} {[%emt 00:01:23]} 14.
Nxc7 {[%clk 00:07:44]} {[%emt 00:00:27]} Qxc7 {[%clk 00:06:50]} {[%emt
00:00:02]} 15. Nc3 {[%clk 00:07:48]} {[%emt 00:00:01]} e6 {[%clk 00:06:15]}
{[%emt 00:00:41]} 16. f6 {[%clk 00:07:40]} {[%emt 00:00:12]} Bh8 {[%clk
00:06:18]} {[%emt 00:00:02]} 17. Nb5 {[%clk 00:07:28]} {[%emt 00:00:18]} Qd8
{[%clk 00:06:22]} {[%emt 00:00:01]} 18. Bg5 {[%clk 00:06:53]} {[%emt 00:00:39]}
a6 {[%clk 00:06:21]} {[%emt 00:00:07]} 19. Nc3 {[%clk 00:06:57]} {[%emt
00:00:01]} Re8 {[%clk 00:06:18]} {[%emt 00:00:08]} 20. Qd2 {[%clk 00:06:51]}
{[%emt 00:00:11]} h6 {[%clk 00:05:27]} {[%emt 00:00:56]} 21. Bxh6 {[%clk
00:06:48]} {[%emt 00:00:08]} Bxf6 {[%clk 00:05:29]} {[%emt 00:00:02]} 22. Qf4
{[%clk 00:06:45]} {[%emt 00:00:08]} Bh8 {[%clk 00:04:32]} {[%emt 00:01:01]} 23.
Rad1 {[%clk 00:05:15]} {[%emt 00:01:37]} Bd7 {[%clk 00:04:21]} {[%emt
00:00:15]} 24. Bg5 {[%clk 00:05:12]} {[%emt 00:00:07]} Qc7 {[%clk 00:04:08]}
{[%emt 00:00:17]} 25. Bf6 {[%clk 00:03:51]} {[%emt 00:01:28]} Bxf6 {[%clk
00:03:58]} {[%emt 00:00:15]} 26. Qxf6 {[%clk 00:03:54]} {[%emt 00:00:02]} b5
{[%clk 00:04:00]} {[%emt 00:00:04]} 27. cxb5 {[%clk 00:03:08]} {[%emt
00:00:51]} axb5 {[%clk 00:04:04]} 28. d4 {[%clk 00:03:12]} cxd4 {[%clk
00:04:04]} {[%emt 00:00:04]} 29. Rxd4 {[%clk 00:02:55]} {[%emt 00:00:22]} bxa4
{[%clk 00:02:59]} {[%emt 00:01:11]} 30. Qf2 {[%clk 00:02:09]} {[%emt 00:00:51]}
a3 {[%clk 00:02:50]} {[%emt 00:00:14]} 31. bxa3 {[%clk 00:01:05]} {[%emt
00:01:08]} Qxc3 {[%clk 00:02:50]} {[%emt 00:00:05]} 32. Rxd6 {[%clk 00:01:09]}
{[%emt 00:00:02]} Rb2 {[%clk 00:02:44]} {[%emt 00:00:10]} 33. Qd4 {[%clk
00:00:33]} {[%emt 00:00:41]} Qxd4+ {[%clk 00:02:23]} {[%emt 00:00:27]} 34. Rxd4
{[%clk 00:00:36]} {[%emt 00:00:01]} Rc8 {[%clk 00:02:14]} {[%emt 00:00:13]} 35.
Rfd1 {[%clk 00:00:31]} {[%emt 00:00:12]} Rcc2 {[%clk 00:02:14]} {[%emt
00:00:04]} 36. Bh1 {[%clk 00:00:26]} {[%emt 00:00:10]} Ra2 {[%clk 00:02:04]}
{[%emt 00:00:15]} 37. g4 {[%clk 00:00:07]} {[%emt 00:00:24]} Rxa3 {[%clk
00:02:06]} {[%emt 00:00:04]} 38. Rd6 {[%clk 00:00:07]} {[%emt 00:00:04]} Rg3+
{[%clk 00:02:06]} {[%emt 00:00:04]} 39. Kf1 {[%clk 00:00:11]} {[%emt 00:00:01]}
Bb5+ {[%clk 00:02:10]} {[%emt 00:00:02]} 0-1